「ふ」から始まる市区町村 - Statistics

General Stats
  • This quiz has been taken 49 times
  • The average score is 37 of 46
Answer Stats
市町村名 郡名 都道府県名 % Correct
福井市 福井県
97%
福岡市 福岡県
97%
深川市 北海道
95%
福島市
95%
富士市 静岡県
95%
富士吉田市 山梨県
95%
深谷市 埼玉県
92%
福知山市 京都府
92%
福山市 広島県
92%
富士見市 埼玉県
92%
ふじみ野市 埼玉県
92%
府中市 東京都
92%
府中市 広島県
92%
府中町 安芸郡 広島県
92%
船橋市 千葉市
92%
富士宮市 静岡県
89%
双葉町 双葉郡 福島県
89%
福生市 東京都
89%
文京区 特別区 東京都
89%
豊後高田市 大分県
89%
藤井寺市 大阪府
86%
藤枝市 静岡県
86%
藤沢市 神奈川県
86%
富良野市 北海道
86%
豊後大野市 大分県
86%
富士河口湖町 南都留郡 山梨県
84%
富津市 千葉県
84%
笛吹市 山梨県
81%
藤岡市 群馬県
81%
舟橋村 中新川郡 富山県
81%
福津市 福岡県
78%
扶桑町 丹羽郡 愛知県
78%
富士川町 南巨摩郡 山梨県
76%
富士見町 諏訪郡 長野県
76%
豊前市 福岡県
76%
福島町 松前郡 北海道
73%
古平町 古平郡 北海道
73%
藤崎町 南津軽郡 青森県
68%
袋井市 静岡県
65%
深浦町 西津軽郡 青森県
59%
福崎町 神崎郡 兵庫県
59%
藤里町 山本郡 秋田県
59%
舟形町 最上郡 山形県
57%
福智町 田川郡 福岡県
54%
普代村 下閉伊郡 岩手県
54%
古殿町 石川郡 福島県
38%
No matching quizzes found
Score Distribution
Percent of People with Each Score
Percentile by Number Answered
Your Score History
You have not taken this quiz